1217 1114 1985 1284 1403 1634 1024 1307 1963 1846 1765 1844 1255 1247 1650 1667 1200 1686 1844 1209 1297 1912 1929 1393 1040 1112 1806 1601 1356 1607 1343 1873 1055 1728 1528 1145 1781 1146 1276 1602 1780 1122 1671 1646 1572 1032 1527 1459 1463 1482 1124 1817 1685 1616 1504 1277 1933 1868 1123 1631 1766 1611 1569 1877 1257 1024 1986 1288 1805 1632 1122 1591 1309 1659 1972 1128 1954 1031 1810 1555 1266 1449 1421 1923 1641 1534 1463 1818 1583 1206 1766 1292 1074 1241 1230 1952 1376 1748 1137 BCNSPRNW ULIB Ver.6.0+V

เปลี่ยนเป็นภาษาไทย

Change to English
 แสดงรายละเอียดบรรณานุกรม
  กลับหน้าหลัก

Brief Record : Get Marc (ISO 2709) : E-mail record : QR code < ปิดหน้าต่าง
LEADER : 00000nam 2200000uu 4500
001    13399125625
003     ULIB
008    170711s||||||||th 000 0 tha d
020    ^a9786164030121
040    ^abrv
041 0  ^atha^heng
060 04 ^aWT104^bฟ651ต
100 1  ^aเฟอร์แมน, โจเอล
245 10 ^aโตไป--ไกลโรค =^bDisease-proof your child /^cผู้เขียน โจเอลเฟอร์แมน ; ผู้แปลและเรียบเรียง สุธีรา เอื้อไพโรจน์กิจ
246 30 ^aโตไป...ไกลโรค
246 31 ^aDisease-proof your child
250    ^aพิมพ์ครั้งที่ 1
260    ^aกรุงเทพฯ :^bฟรีมายด์,^c2559
300    ^a316 หน้า :^bภาพประกอบ ;^c21 ซม.
650  4 ^aการดูแลสุขภาพ
650  4 ^aโภชนาการ
650  4 ^aเด็ก^xโภชนาการ
650  4 ^aเด็ก^xสุขภาพและอนามัย
650  4 ^aสุขภาพ
650  4 ^aสุขภาพและอนามัย
700 0  ^aสุธีรา เอื้อไพโรจน์กิจ,^eผู้แปล
945    ^p0^l0^i002602
999    ^aประนอม เกษจรัล
รายการนี้ยังไม่มีแท็ก
คุณยังไม่ได้ล็อกอิน คุณสามารถมีกิจกรรมร่วมกับเว็บไซต์ได้ แต่ต้องล็อกอินก่อน ::
  ล็อกอิน

รายการสื่อสารสนเทศ

ลำดับที่ ประเภท เลขเรียก/บาร์โค้ด สถานที่ สถานะ
1. วิทยาศาสตร์การแพทย์ และสุขภาพ
วิทยาศาสตร์การแพทย์ และสุขภาพ
สถานะ=หนังสือเก่า
WT104 ฟ651ต ฉ.1 
  Barcode: 002602
ห้องสมุดวิทยาเขตสวรรค์ประชารักษ์
►ส่วนจัดเก็บหนังสือเก่า สปร
บนชั้น
  ขอยืม

รายการใกล้เคียง
    ผู้แต่ง [เฟอร์แมน, โจเอล]

    หัวเรื่อง [การดูแลสุขภาพ]
    หัวเรื่อง [โภชนาการ]
    หัวเรื่อง [สุขภาพ]
    หัวเรื่อง [สุขภาพและอนามัย]

BibComment


ยังไม่เคยถูกคอมเมนท์

คอมเมนท์ทรัพยากรรายการนี้
  คอมเมนท์: โตไปไกลโรค Dise..


 Copyright 2026. Bcnsprnw @Library